000
00257nam a22001217a 4500
008
170306b xxu||||| |||| 00| 0 eng d
041
_a
eng
080
_a
511
100
_a
6
101
_a
SHM
245
_a
RESPIRATORY PHYSIOLOGY
_c
WEST.J.B
942
_2
udc
_c
BK
999
_c
6882
_d
6882